00532 2200205 4500001002100000008004100021035002000062245005500082100002000137250002000157260003300177300002100210020002200231084001600253082001000269650002000279990000900299990000900308990000900317INLIS000000000001400 ind  a0010-0425001400 aKisah di Balik Candi dan PrasasticLita Juliantini aLita Juliantini aCetakan pertama aDepok :bCV Arya Duta,c2018 a112 hlm.c30 cm. a978-979-094-742-9 a722.4 LIT k a722.4 aLita Juliantini a4589 a4590 a5333